<?xml version="1.0" encoding="UTF-8"?>
<record
    xmlns:xsi="http://www.w3.org/2001/XMLSchema-instance"
    xsi:schemaLocation="http://www.loc.gov/MARC21/slim http://www.loc.gov/standards/marcxml/schema/MARC21slim.xsd"
    xmlns="http://www.loc.gov/MARC21/slim">

  <leader>01798nam a2200253   4500</leader>
  <controlfield tag="003">vecauma</controlfield>
  <controlfield tag="005">20260410203040.0</controlfield>
  <controlfield tag="007">ta</controlfield>
  <controlfield tag="008">260410b        ve ||||| |||| 00| 0 spa d</controlfield>
  <datafield tag="020" ind1=" " ind2=" ">
    <subfield code="a">8480881380</subfield>
  </datafield>
  <datafield tag="040" ind1=" " ind2=" ">
    <subfield code="a">vecauma</subfield>
    <subfield code="b">spa</subfield>
    <subfield code="c">vecauma</subfield>
    <subfield code="d">vecauma</subfield>
    <subfield code="e">rda</subfield>
  </datafield>
  <datafield tag="041" ind1=" " ind2=" ">
    <subfield code="a">spa</subfield>
  </datafield>
  <datafield tag="100" ind1="1" ind2=" ">
    <subfield code="e">autor</subfield>
  </datafield>
  <datafield tag="245" ind1="1" ind2=" ">
    <subfield code="a">Manual del consultor de Marketing </subfield>
    <subfield code="c">/ Lorenzo Iniesta </subfield>
  </datafield>
  <datafield tag="264" ind1=" " ind2=" ">
    <subfield code="a">Espa&#xF1;a:</subfield>
    <subfield code="b">Ediciones gesti&#xF3; 2000, S.A,;</subfield>
    <subfield code="c">1997.</subfield>
  </datafield>
  <datafield tag="300" ind1=" " ind2=" ">
    <subfield code="a">162 p&#xE1;ginas.</subfield>
  </datafield>
  <datafield tag="336" ind1=" " ind2=" ">
    <subfield code="a">texto</subfield>
    <subfield code="b">txt</subfield>
    <subfield code="2">rdacontenido</subfield>
  </datafield>
  <datafield tag="337" ind1=" " ind2=" ">
    <subfield code="a">no mediado</subfield>
    <subfield code="b">n</subfield>
    <subfield code="2">rdamedio</subfield>
  </datafield>
  <datafield tag="338" ind1=" " ind2=" ">
    <subfield code="a">volumen</subfield>
    <subfield code="b">nc</subfield>
    <subfield code="2">rdasoporte</subfield>
  </datafield>
  <datafield tag="505" ind1="0" ind2=" ">
    <subfield code="a">Perfil y papel del consultor de marketing /
Diagn&#xF3;stico de los problemas del empresario-cliente /
Los instrumentos del consultor de marketing /
Las entrevistas y el acuerdo final con el cliente /
La ense&#xF1;anza del marketing: una atractiva opci&#xF3;n del consultor /
Esquema b&#xE1;sico para proyectos de negocio. &#xC1;rea de marketing /
Modelaje /</subfield>
  </datafield>
  <datafield tag="520" ind1="3" ind2=" ">
    <subfield code="a">El marketing es una de las claves del &#xE9;xito de cualquier empresa, por lo que requiere la m&#xE1;xima dedicaci&#xF3;n y la intervenci&#xF3;n de verdaderos expertos. Este libro propone conceptos, planteamientos y herramientas que pueden ser de gran ayuda, tanto para directivos de marketing como consultores de esta especialidad. En el Manual del Consultor de Marketing el autor, verdadero experto en la materia, expone e integra toda su experiencia en el &#xE1;rea de marketing.

Lorenzo Iniesta es Licenciado en Derecho y Master en marketing y Direcci&#xF3;n Comercial. Es consultor y profesor de marketing de varias universidades y escuelas de negocios espa&#xF1;olas e internacionales. Ha desempe&#xF1;ado puestos de direcci&#xF3;n general y direcci&#xF3;n de marketing en varias empresas.</subfield>
  </datafield>
  <datafield tag="942" ind1=" " ind2="1">
    <subfield code="2">lcc</subfield>
    <subfield code="n">0</subfield>
    <subfield code="c">BK</subfield>
  </datafield>
  <datafield tag="999" ind1=" " ind2=" ">
    <subfield code="c">13354</subfield>
    <subfield code="d">13354</subfield>
  </datafield>
  <datafield tag="952" ind1=" " ind2=" ">
    <subfield code="0">0</subfield>
    <subfield code="1">0</subfield>
    <subfield code="2">lcc</subfield>
    <subfield code="4">0</subfield>
    <subfield code="7">0</subfield>
    <subfield code="8">CG</subfield>
    <subfield code="a">BUMA</subfield>
    <subfield code="b">BUMA</subfield>
    <subfield code="c">GEN</subfield>
    <subfield code="d">2026-04-10</subfield>
    <subfield code="i">48855</subfield>
    <subfield code="l">0</subfield>
    <subfield code="p">2026-0492</subfield>
    <subfield code="r">2026-04-10</subfield>
    <subfield code="w">2026-04-10</subfield>
    <subfield code="y">BK</subfield>
  </datafield>
</record>
